000 00675pam a2200229 a 4500
001 4852402
005 20180123045357.0
008 910828s1992 nyua d 001 0 eng
010 _a 91030462
020 _a039951743X :
_c$5.95 ($7.75 CAN)
040 _aDLC
_cDLC
_dDLC
041 _aeng
043 _an-us---
080 _a419.03 BUT
082 0 0 _a419.03 BUT
_220
100 1 _aFJA
101 _a23
245 1 4 _aThe pocket dictionary of signing /
_cRod R. Butterworth and Mickey Flodin.
906 _a7
_bcbc
_corignew
_d1
_eocip
_f19
_gy-gencatlg
942 _2ddc
_cBK
999 _c40763
_d40763